000 01127cam a2200313 a 4500
001 1253
005 20230815131144.0
008 970711s1998 nyu c 000 1 eng
020 _a0590129996 (hc)
020 _a0590129988 (pb)
040 _aDLC
_cDLC
_dDLC
050 0 0 _aPZ7.P968
_bCl 1996
082 0 0 _a[Fic]
_221
100 1 _aPullman, Philip
_d1946-
245 1 0 _aClockwork, or all wound up /
_cPhilip Pullman ; with illustrations by Leonid Gore.
250 _aFirst Scholastic After Words printing, June 2006
260 _aNew York :
_bScholastic,
_c1996
300 _a106 pages :
_bIllustrations
_c20 cm
505 _aW
520 _aLong ago in Germany, a storyteller's story and an apprentice clockwork-maker's nightmare meet in a menacing, lifelike figure created by the strange Dr. Kalmenius.
521 _a860
_bLexile
521 _aW
_bRaz-Plus
650 1 _aSupernatural
_xFiction.
650 1 _aClock and watch makers
_xFiction.
650 1 _aStorytellers
_xFiction.
700 1 _aGore, Leonid
_eIllustrator
906 _a7
_bcbc
_corignew
_d1
_eocip
_f19
_gy-gencatlg
942 _2ddc
_cBK
_n0
999 _c1253
_d1253